1825. Заговор : (Record no. 152523)
[ view plain ]
| 000 -LEADER | |
|---|---|
| fixed length control field | 00983nam a2200241 u 4500 |
| 001 - CONTROL NUMBER | |
| control field | 000402298 |
| 003 - CONTROL NUMBER IDENTIFIER | |
| control field | AM-YeHGA |
| 005 - DATE AND TIME OF LATEST TRANSACTION | |
| control field | 20250617132524.0 |
| 008 - FIXED-LENGTH DATA ELEMENTS--GENERAL INFORMATION | |
| fixed length control field | 050113s1990 |||a r 000 0 rus d |
| 020 ## - INTERNATIONAL STANDARD BOOK NUMBER | |
| International Standard Book Number | 5010020386 |
| 040 ## - CATALOGING SOURCE | |
| Original cataloging agency | AM-YeHGA |
| 041 0# - LANGUAGE CODE | |
| Language code of text/sound track or separate title | rus |
| 090 ## - LOCALLY ASSIGNED LC-TYPE CALL NUMBER (OCLC); LOCAL CALL NUMBER (RLIN) | |
| -- | 153919 |
| 245 00 - TITLE STATEMENT | |
| Title | 1825. Заговор : |
| Remainder of title | Рисованная кн. / |
| Statement of responsibility, etc. | Сценарий Е.В. Добровольской, Ю.И. Макарова; Худож. В.Г. Алексеев. |
| 260 ## - PUBLICATION, DISTRIBUTION, ETC. | |
| Place of publication, distribution, etc. | Москва : |
| Name of publisher, distributor, etc. | Прогресс, |
| Date of publication, distribution, etc. | 1990. |
| 300 ## - PHYSICAL DESCRIPTION | |
| Extent | 160 с. : |
| Other physical details | ... в основном ил. |
| 653 0# - INDEX TERM--UNCONTROLLED | |
| Uncontrolled term | Декабристы - Изоиздания |
| 653 0# - INDEX TERM--UNCONTROLLED | |
| Uncontrolled term | Революционное движение в России - История, 19 в. - Изоиздания |
| 653 0# - INDEX TERM--UNCONTROLLED | |
| Uncontrolled term | Комиксы |
| 700 1# - ADDED ENTRY--PERSONAL NAME | |
| Personal name | Добровольская, Е.В. |
| Relator term | сценарист |
| Relationship | sce |
| 700 1# - ADDED ENTRY--PERSONAL NAME | |
| Personal name | Макаров, Ю.И. |
| Relator term | сценарист |
| Relationship | sce |
| 700 1# - ADDED ENTRY--PERSONAL NAME | |
| Personal name | Алексеев, В.Г. |
| Relator term | ил. |
| Relationship | ill |
| Withdrawn status | Lost status | Damaged status | Not for loan | Collection | Home library | Current library | Date acquired | Total checkouts | Full call number | Barcode | Date last seen | Price effective from | Koha item type | Public note |
|---|---|---|---|---|---|---|---|---|---|---|---|---|---|---|
| General | Fundamental Scientific Library | Fundamental Scientific Library | 28/12/2016 | [947+957]"1825"(084.1) | 120619006 | 28/12/2016 | 28/12/2016 | Գրքեր / Books | Two weeks Loan | |||||
| General | Fundamental Scientific Library | Fundamental Scientific Library | 28/12/2016 | [947+957]"1825"(084.1) | 120622054 | 28/12/2016 | 28/12/2016 | Գրքեր / Books | 30 Days Loan |
ՀՀ Գիտությունների ազգային ակադեմիայի հիմնարար գիտական գրադարան = Fundamental Scientific Library of NAS RA
All site content, except where otherwise noted, is licensed under a